00712nam a2200229Ia 4500003000400000005001700004008004100021020002200062040000700084041001200091082001700103100002600120245002000146260003800166300001200204365001400216650004500230906002200275942001200297999001900309952015400328OSt20251027173924.0210423s2019 xx 000 0 und d a978-93-80033-98-3 cAL aEnglish a361.1 bBAIS aJairam Bairwa9119817 aSocial problems aJaipurbParadise publishersc2019 a248bHB b1495cINR aSocial Problems & Social Welfare9119818 aproblems ; Social 2ddccBK c176655d176655 001040708MSWaSACPGbSACPGd2019-09-13eSaraswathi Publisherg1495.00l8m1o361.1 BAISpPG023359r2024-05-14 00:00:00s2024-04-30w2021-04-26yBK